| 000 | 00348 a2200109 4500 | ||
|---|---|---|---|
| 001 | ART_42537 | ||
| 005 | 20260410161807.0 | ||
| 008 | 260409a | ||
| 245 | 1 | 0 | _aSobre la participación en las ganancias de los trabajadores |
| 100 | 1 | _aArecha, Martín | |
| 773 | 0 |
_tDoctrina Societaria y Concursal _g- Nº 276 (nov. 2010) _wREV4298 |
|
| 999 |
_c21144 _d21144 |
||